[Event "Amsterdam Science Park 2023"]
[Site "Science Park, Amsterdam, Netherlands"]
[Date "2023.07.20"]
[Round "6.5"]
[White "Hu, Yu A."]
[Black "Abdulla, Murad"]
[Result "0-1"]
[WhiteElo "2056"]
[BlackElo "2307"]

1. e4 {[%clk 01:30:57]} {[%emt 00:00:01]} c5 {[%clk 01:28:46]} {[%emt
00:02:15]} 2. Nf3 {[%clk 01:31:09]} {[%emt 00:00:18]} d6 {[%clk 01:29:07]}
{[%emt 00:00:09]} 3. d4 {[%clk 01:31:19]} {[%emt 00:00:20]} cxd4 {[%clk
01:29:30]} {[%emt 00:00:08]} 4. Nxd4 {[%clk 01:31:42]} {[%emt 00:00:06]} Nf6
{[%clk 01:29:56]} {[%emt 00:00:04]} 5. Nc3 {[%clk 01:32:02]} {[%emt 00:00:11]}
g6 {[%clk 01:30:19]} {[%emt 00:00:07]} 6. Be3 {[%clk 01:32:02]} {[%emt
00:00:29]} Bg7 {[%clk 01:30:39]} {[%emt 00:00:09]} 7. f3 {[%clk 01:32:06]}
{[%emt 00:00:26]} a6 {[%clk 01:31:05]} {[%emt 00:00:05]} 8. g4 {[%clk
01:28:58]} {[%emt 00:03:37]} h5 {[%clk 01:25:55]} {[%emt 00:05:40]} 9. gxh5
{[%clk 01:24:07]} {[%emt 00:05:22]} Rxh5 {[%clk 01:17:39]} {[%emt 00:08:46]} 10.
Bc4 {[%clk 01:18:46]} {[%emt 00:05:51]} b5 {[%clk 01:10:04]} {[%emt 00:08:05]}
11. Bd5 {[%clk 01:11:03]} {[%emt 00:08:13]} Nxd5 {[%clk 01:08:23]} {[%emt
00:02:11]} 12. Nxd5 {[%clk 01:11:25]} {[%emt 00:00:07]} Bb7 {[%clk 00:52:01]}
{[%emt 00:16:53]} 13. Nb6 {[%clk 00:54:12]} {[%emt 00:17:43]} Ra7 {[%clk
00:41:32]} {[%emt 00:10:59]} 14. Qd2 {[%clk 00:45:32]} {[%emt 00:09:10]} Nd7
{[%clk 00:33:30]} {[%emt 00:08:32]} 15. Nxd7 {[%clk 00:40:33]} {[%emt
00:05:27]} Qxd7 {[%clk 00:33:55]} {[%emt 00:00:07]} 16. Nf5 {[%clk 00:40:05]}
{[%emt 00:00:57]} gxf5 {[%clk 00:31:08]} {[%emt 00:03:18]} 17. Bxa7 {[%clk
00:40:27]} {[%emt 00:00:08]} fxe4 {[%clk 00:25:53]} {[%emt 00:05:45]} 18. Rg1
{[%clk 00:34:50]} {[%emt 00:06:06]} Kf8 {[%clk 00:26:10]} {[%emt 00:00:14]} 19.
Qg2 {[%clk 00:31:59]} {[%emt 00:03:21]} Rh7 {[%clk 00:26:02]} {[%emt 00:00:39]}
20. fxe4 {[%clk 00:30:03]} {[%emt 00:02:26]} Qh3 {[%clk 00:20:16]} {[%emt
00:06:15]} 21. O-O-O {[%clk 00:25:05]} {[%emt 00:05:28]} Qxg2 {[%clk 00:18:39]}
{[%emt 00:02:07]} 22. Rxg2 {[%clk 00:25:30]} {[%emt 00:00:05]} Bxe4 {[%clk
00:18:55]} {[%emt 00:00:14]} 23. Rf2 {[%clk 00:25:56]} {[%emt 00:00:03]} f5
{[%clk 00:17:53]} {[%emt 00:01:33]} 24. Bd4 {[%clk 00:23:10]} {[%emt 00:03:16]}
e5 {[%clk 00:12:26]} {[%emt 00:05:58]} 25. Bc3 {[%clk 00:22:26]} {[%emt
00:01:13]} d5 {[%clk 00:12:41]} {[%emt 00:00:15]} 26. b3 {[%clk 00:19:49]}
{[%emt 00:03:07]} d4 {[%clk 00:10:12]} {[%emt 00:02:59]} 27. Bb4+ {[%clk
00:19:27]} {[%emt 00:00:52]} Kf7 {[%clk 00:10:35]} {[%emt 00:00:07]} 28. a4
{[%clk 00:19:44]} {[%emt 00:00:13]} bxa4 {[%clk 00:10:21]} {[%emt 00:00:45]} 29.
bxa4 {[%clk 00:20:11]} {[%emt 00:00:02]} Ke6 {[%clk 00:09:36]} {[%emt
00:01:15]} 30. Rg1 {[%clk 00:19:39]} {[%emt 00:01:02]} f4 {[%clk 00:08:21]}
{[%emt 00:01:45]} 31. c4 {[%clk 00:18:44]} {[%emt 00:01:25]} Bd3 {[%clk
00:06:34]} {[%emt 00:02:16]} 32. c5 {[%clk 00:18:43]} {[%emt 00:00:31]} Kd5
{[%clk 00:05:58]} {[%emt 00:01:07]} 33. Kd2 {[%clk 00:18:04]} {[%emt 00:01:08]}
e4 {[%clk 00:05:40]} {[%emt 00:00:48]} 34. Rc1 {[%clk 00:02:01]} {[%emt
00:16:32]} f3 {[%clk 00:04:31]} {[%emt 00:01:39]} 35. Kd1 {[%clk 00:01:32]}
{[%emt 00:00:59]} Bh6 {[%clk 00:03:33]} {[%emt 00:01:28]} 0-1

[Event "Amsterdam Science Park 2023"]
[Site "Science Park, Amsterdam, Netherlands"]
[Date "2023.07.20"]
[Round "6.6"]
[White "De Groote, Ewoud"]
[Black "De Jong, Tom"]
[Result "1-0"]
[WhiteElo "2232"]
[BlackElo "2176"]

1. d4 {[%clk 01:30:56]} {[%emt 00:00:03]} d5 {[%clk 01:30:55]} {[%emt
00:00:06]} 2. Nf3 {[%clk 01:31:21]} {[%emt 00:00:04]} c5 {[%clk 01:31:20]}
{[%emt 00:00:05]} 3. c4 {[%clk 01:31:35]} {[%emt 00:00:17]} e6 {[%clk
01:31:44]} {[%emt 00:00:06]} 4. cxd5 {[%clk 01:32:00]} {[%emt 00:00:06]} exd5
{[%clk 01:32:06]} {[%emt 00:00:07]} 5. Bg5 {[%clk 01:32:11]} {[%emt 00:00:19]}
Be7 {[%clk 01:14:21]} {[%emt 00:18:16]} 6. Bxe7 {[%clk 01:32:18]} {[%emt
00:00:22]} Nxe7 {[%clk 01:14:31]} {[%emt 00:00:20]} 7. e3 {[%clk 01:26:44]}
{[%emt 00:06:04]} Nbc6 {[%clk 01:09:58]} {[%emt 00:05:03]} 8. dxc5 {[%clk
01:17:40]} {[%emt 00:09:34]} Qa5+ {[%clk 01:09:21]} {[%emt 00:01:06]} 9. Nc3
{[%clk 01:15:54]} {[%emt 00:02:16]} Qxc5 {[%clk 01:08:53]} {[%emt 00:00:58]} 10.
Be2 {[%clk 01:12:17]} {[%emt 00:04:08]} O-O {[%clk 01:08:26]} {[%emt 00:00:57]}
11. O-O {[%clk 01:11:28]} {[%emt 00:01:18]} Bg4 {[%clk 01:00:25]} {[%emt
00:08:31]} 12. Rc1 {[%clk 01:09:22]} {[%emt 00:02:36]} Rfd8 {[%clk 00:55:42]}
{[%emt 00:05:13]} 13. Qa4 {[%clk 01:00:19]} {[%emt 00:09:33]} Bxf3 {[%clk
00:45:29]} {[%emt 00:10:43]} 14. Bxf3 {[%clk 01:00:19]} {[%emt 00:00:30]} d4
{[%clk 00:42:14]} {[%emt 00:03:44]} 15. Nd5 {[%clk 00:58:06]} {[%emt 00:02:43]}
Qd6 {[%clk 00:42:18]} {[%emt 00:00:27]} 16. Nxe7+ {[%clk 00:58:00]} {[%emt
00:00:36]} Nxe7 {[%emt 00:02:55]} 17. Qxd4 {[%clk 00:52:33]} {[%emt 00:05:54]}
Qxd4 {[%clk 00:37:14]} {[%emt 00:03:12]} 18. exd4 {[%clk 00:53:01]} {[%emt
00:00:01]} Rd7 {[%clk 00:36:39]} {[%emt 00:01:06]} 19. Rc4 {[%clk 00:44:41]}
{[%emt 00:08:50]} Rad8 {[%clk 00:36:46]} {[%emt 00:00:22]} 20. Rd1 {[%clk
00:39:42]} {[%emt 00:05:29]} Kf8 {[%clk 00:35:37]} {[%emt 00:01:40]} 21. g3
{[%clk 00:28:25]} {[%emt 00:11:48]} f5 {[%clk 00:31:17]} {[%emt 00:04:50]} 22.
h4 {[%clk 00:27:33]} {[%emt 00:01:22]} Kf7 {[%clk 00:28:53]} {[%emt 00:02:54]}
23. Kf1 {[%clk 00:22:52]} {[%emt 00:05:11]} g6 {[%clk 00:22:36]} {[%emt
00:06:46]} 24. Ke2 {[%clk 00:20:38]} {[%emt 00:02:44]} Ke6 {[%clk 00:22:14]}
{[%emt 00:00:52]} 25. Kd3 {[%clk 00:19:22]} {[%emt 00:01:47]} Nc8 {[%clk
00:15:44]} {[%emt 00:07:01]} 26. a4 {[%clk 00:12:16]} {[%emt 00:07:36]} a5
{[%clk 00:13:22]} {[%emt 00:02:52]} 27. d5+ {[%clk 00:09:05]} {[%emt 00:03:41]}
Kf6 {[%clk 00:12:00]} {[%emt 00:01:52]} 28. Rc5 {[%clk 00:08:01]} {[%emt
00:01:34]} b6 {[%clk 00:10:14]} {[%emt 00:02:17]} 29. Rc6+ {[%clk 00:08:27]}
{[%emt 00:00:04]} Kf7 {[%clk 00:10:13]} {[%emt 00:00:31]} 30. Rdc1 {[%clk
00:04:41]} {[%emt 00:04:16]} Ne7 {[%clk 00:08:06]} {[%emt 00:02:37]} 31. Rxb6
{[%clk 00:04:14]} {[%emt 00:00:57]} Nxd5 {[%clk 00:07:35]} {[%emt 00:01:00]} 32.
Bxd5+ {[%clk 00:04:43]} {[%emt 00:00:01]} Rxd5+ {[%clk 00:07:58]} {[%emt
00:00:07]} 33. Ke2 {[%clk 00:03:59]} {[%emt 00:01:14]} Re8+ {[%clk 00:05:08]}
{[%emt 00:03:21]} 34. Kf1 {[%clk 00:03:14]} {[%emt 00:01:15]} Re7 {[%clk
00:04:10]} {[%emt 00:01:28]} 35. Rc2 {[%clk 00:02:37]} {[%emt 00:01:06]} h6
{[%clk 00:04:08]} {[%emt 00:00:32]} 36. Rcc6 {[%clk 00:02:33]} {[%emt
00:00:34]} Rd2 {[%clk 00:03:33]} {[%emt 00:01:05]} 37. Rf6+ {[%clk 00:02:56]}
{[%emt 00:00:08]} Ke8 {[%clk 00:01:42]} {[%emt 00:02:21]} 38. Rxg6 {[%clk
00:03:17]} {[%emt 00:00:08]} f4 {[%clk 00:01:50]} {[%emt 00:00:22]} 39. gxf4
{[%clk 00:02:46]} {[%emt 00:01:01]} Kf8 {[%clk 00:01:02]} {[%emt 00:01:18]} 40.
Rgf6+ {[%clk 00:01:59]} {[%emt 00:01:17]} Kg7 {[%clk 00:01:03]} {[%emt
00:00:30]} 41. Rg6+ {[%clk 00:01:38]} {[%emt 00:00:50]} Kf7 {[%clk 00:29:38]}
{[%emt 00:01:55]} 42. Rbf6+ {[%clk 00:28:02]} {[%emt 00:04:07]} Ke8 {[%clk
00:29:55]} {[%emt 00:00:13]} 43. Re6 {[%clk 00:28:14]} {[%emt 00:00:17]} Rxb2
{[%clk 00:30:14]} {[%emt 00:00:11]} 44. Rxe7+ {[%clk 00:28:37]} {[%emt
00:00:08]} Kxe7 {[%clk 00:30:41]} {[%emt 00:00:03]} 45. Ra6 {[%clk 00:28:19]}
{[%emt 00:00:48]} Rb4 {[%clk 00:30:52]} {[%emt 00:00:19]} 46. Rxa5 {[%clk
00:28:43]} {[%emt 00:00:06]} Rxf4 {[%clk 00:31:18]} {[%emt 00:00:04]} 47. h5
{[%clk 00:28:52]} {[%emt 00:00:20]} 1-0

[Event "Amsterdam Science Park 2023"]
[Site "Science Park, Amsterdam, Netherlands"]
[Date "2023.07.20"]
[Round "6.7"]
[White "Van Delft, Merijn"]
[Black "Boeren, Jurriaan"]
[Result "1/2-1/2"]
[WhiteElo "2369"]
[BlackElo "1987"]

1. e4 {[%clk 01:30:58]} {[%emt 00:00:01]} e5 {[%clk 01:30:05]} {[%emt
00:00:56]} 2. Nf3 {[%clk 01:31:19]} {[%emt 00:00:07]} Nc6 {[%clk 01:30:11]}
{[%emt 00:00:21]} 3. Bb5 {[%clk 01:31:45]} {[%emt 00:00:08]} a6 {[%clk
01:30:37]} {[%emt 00:00:05]} 4. Ba4 {[%clk 01:32:10]} {[%emt 00:00:04]} Nf6
{[%clk 01:30:45]} {[%emt 00:00:22]} 5. O-O {[%clk 01:32:27]} {[%emt 00:00:08]}
Be7 {[%clk 01:31:07]} {[%emt 00:00:13]} 6. Re1 {[%clk 01:32:45]} {[%emt
00:00:08]} b5 {[%clk 01:31:32]} {[%emt 00:00:09]} 7. Bb3 {[%clk 01:33:11]}
{[%emt 00:00:04]} d6 {[%clk 01:31:58]} {[%emt 00:00:04]} 8. c3 {[%clk
01:33:36]} {[%emt 00:00:05]} O-O {[%clk 01:32:22]} {[%emt 00:00:06]} 9. h3
{[%clk 01:34:02]} {[%emt 00:00:04]} Nb8 {[%clk 01:32:49]} {[%emt 00:00:04]} 10.
d4 {[%clk 01:34:26]} {[%emt 00:00:05]} Nbd7 {[%clk 01:33:16]} {[%emt 00:00:04]}
11. Nbd2 {[%clk 01:34:45]} {[%emt 00:00:11]} Bb7 {[%clk 01:33:37]} {[%emt
00:00:09]} 12. Bc2 {[%clk 01:35:03]} {[%emt 00:00:12]} Re8 {[%clk 01:34:01]}
{[%emt 00:00:07]} 13. a4 {[%clk 01:35:06]} {[%emt 00:00:26]} Bf8 {[%clk
01:28:02]} {[%emt 00:06:30]} 14. Bd3 {[%clk 01:34:57]} {[%emt 00:00:38]} c6
{[%clk 01:26:13]} {[%emt 00:02:19]} 15. b3 {[%clk 01:35:13]} {[%emt 00:00:14]}
Qc7 {[%clk 01:19:42]} {[%emt 00:07:02]} 16. Qc2 {[%clk 01:35:19]} {[%emt
00:00:23]} g6 {[%clk 01:16:14]} {[%emt 00:03:59]} 17. Ba3 {[%clk 01:35:27]}
{[%emt 00:00:18]} Bg7 {[%clk 01:10:56]} {[%emt 00:05:51]} 18. dxe5 {[%clk
01:33:35]} {[%emt 00:02:22]} Nxe5 {[%clk 01:10:49]} {[%emt 00:00:38]} 19. Nxe5
{[%clk 01:33:24]} {[%emt 00:00:40]} dxe5 {[%clk 01:10:41]} {[%emt 00:00:39]} 20.
c4 {[%clk 01:25:56]} {[%emt 00:07:57]} Qb6 {[%clk 01:00:11]} {[%emt 00:11:02]}
21. b4 {[%clk 01:17:59]} {[%emt 00:08:24]} Nh5 {[%clk 00:52:03]} {[%emt
00:08:41]} 22. g3 {[%clk 01:10:58]} {[%emt 00:07:31]} Red8 {[%clk 00:48:53]}
{[%emt 00:03:41]} 23. Bf1 {[%clk 00:50:02]} {[%emt 00:21:23]} Bf8 {[%clk
00:45:00]} {[%emt 00:04:25]} 24. Nb3 {[%clk 00:39:05]} {[%emt 00:11:26]} bxa4
{[%clk 00:30:29]} {[%emt 00:15:03]} 25. Nc5 {[%clk 00:34:23]} {[%emt 00:05:11]}
Bxc5 {[%clk 00:27:14]} {[%emt 00:03:46]} 26. bxc5 {[%clk 00:34:39]} {[%emt
00:00:12]} Qc7 {[%clk 00:24:38]} {[%emt 00:03:08]} 27. Qxa4 {[%clk 00:29:26]}
{[%emt 00:05:41]} Ng7 {[%clk 00:23:29]} {[%emt 00:01:40]} 28. Bb4 {[%clk
00:28:58]} {[%emt 00:00:57]} Qe7 {[%clk 00:21:27]} {[%emt 00:02:32]} 29. Rad1
{[%clk 00:23:20]} {[%emt 00:06:08]} Rd4 {[%clk 00:13:34]} {[%emt 00:08:24]} 30.
Rxd4 {[%clk 00:20:20]} {[%emt 00:03:28]} exd4 {[%clk 00:13:58]} {[%emt
00:00:07]} 31. f4 {[%clk 00:19:24]} {[%emt 00:01:26]} Ne6 {[%clk 00:11:09]}
{[%emt 00:03:20]} 32. Qa3 {[%clk 00:17:44]} {[%emt 00:02:09]} a5 {[%clk
00:04:42]} {[%emt 00:06:58]} 33. Bxa5 {[%clk 00:17:29]} {[%emt 00:00:45]} Qxc5
{[%clk 00:01:33]} {[%emt 00:03:40]} 34. Qxc5 {[%clk 00:17:01]} {[%emt
00:00:58]} Nxc5 {[%clk 00:02:02]} {[%emt 00:00:01]} 35. Bb6 {[%clk 00:16:42]}
{[%emt 00:00:49]} Nb3 {[%clk 00:02:02]} {[%emt 00:00:30]} 36. Rb1 {[%clk
00:03:07]} {[%emt 00:14:05]} Ra3 {[%clk 00:02:02]} {[%emt 00:00:30]} 37. Bd8
{[%clk 00:01:20]} {[%emt 00:02:17]} Kf8 {[%clk 00:01:03]} {[%emt 00:01:30]} 38.
Bf6 {[%clk 00:01:21]} {[%emt 00:00:28]} Ke8 {[%clk 00:01:16]} {[%emt 00:00:17]}
39. c5 {[%clk 00:01:21]} {[%emt 00:00:30]} Bc8 {[%clk 00:01:02]} {[%emt
00:00:45]} 40. Bc4 {[%clk 00:00:51]} {[%emt 00:01:00]} Nd2 {[%clk 00:00:46]}
{[%emt 00:00:47]} 41. Rb8 {[%clk 00:29:47]} {[%emt 00:01:33]} Kd7 {[%clk
00:27:18]} {[%emt 00:03:58]} 42. Bxf7 {[%clk 00:28:14]} {[%emt 00:02:01]} Nxe4
{[%clk 00:26:18]} {[%emt 00:01:32]} 43. Bxd4 {[%clk 00:27:32]} {[%emt
00:01:11]} Rxg3+ {[%clk 00:25:20]} {[%emt 00:01:29]} 44. Kh2 {[%clk 00:27:31]}
{[%emt 00:00:30]} Rd3 {[%clk 00:24:21]} {[%emt 00:01:29]} 45. Be5 {[%clk
00:26:32]} {[%emt 00:01:28]} Nxc5 {[%clk 00:20:09]} {[%emt 00:04:45]} 46. Bg8
{[%clk 00:25:05]} {[%emt 00:01:55]} Kd8 {[%clk 00:15:55]} {[%emt 00:04:45]} 47.
Bf6+ {[%clk 00:24:35]} {[%emt 00:01:00]} Kc7 {[%clk 00:15:41]} {[%emt
00:00:45]} 48. Be5+ {[%clk 00:24:54]} {[%emt 00:00:11]} Kd8 {[%clk 00:16:08]}
{[%emt 00:00:03]} 1/2-1/2

[Event "Amsterdam Science Park 2023"]
[Site "Science Park, Amsterdam, Netherlands"]
[Date "2023.07.20"]
[Round "6.8"]
[White "Jermy, Jaden"]
[Black "Kanis, Sierk"]
[Result "0-1"]
[WhiteElo "1892"]
[BlackElo "2112"]

1. Nf3 {[%clk 01:30:44]} {[%emt 00:00:15]} d5 {[%clk 01:30:06]} {[%emt
00:00:55]} 2. d4 {[%clk 01:31:03]} {[%emt 00:00:10]} Nf6 {[%clk 01:30:06]}
{[%emt 00:00:30]} 3. c4 {[%clk 01:31:25]} {[%emt 00:00:08]} c6 {[%clk
01:29:56]} {[%emt 00:00:41]} 4. g3 {[%clk 01:31:35]} {[%emt 00:00:19]} e6
{[%clk 01:29:43]} {[%emt 00:00:43]} 5. Bg2 {[%clk 01:31:40]} {[%emt 00:00:24]}
Bb4+ {[%clk 01:29:42]} {[%emt 00:00:31]} 6. Bd2 {[%clk 01:31:10]} {[%emt
00:01:00]} Be7 {[%clk 01:30:05]} {[%emt 00:00:07]} 7. Qc2 {[%clk 01:31:05]}
{[%emt 00:00:36]} O-O {[%clk 01:29:28]} {[%emt 00:01:06]} 8. O-O {[%clk
01:30:50]} {[%emt 00:00:45]} Nbd7 {[%clk 01:28:15]} {[%emt 00:01:43]} 9. cxd5
{[%clk 01:25:44]} {[%emt 00:05:36]} exd5 {[%clk 01:27:14]} {[%emt 00:01:30]} 10.
Nc3 {[%clk 01:24:59]} {[%emt 00:01:15]} Re8 {[%clk 01:27:04]} {[%emt 00:00:40]}
11. Bf4 {[%clk 01:24:20]} {[%emt 00:01:07]} Nf8 {[%clk 01:26:20]} {[%emt
00:01:15]} 12. Rad1 {[%clk 01:20:28]} {[%emt 00:04:22]} Bg4 {[%clk 01:20:43]}
{[%emt 00:06:08]} 13. Ne5 {[%clk 01:19:28]} {[%emt 00:01:30]} Bh5 {[%clk
01:20:00]} {[%emt 00:01:13]} 14. Na4 {[%clk 01:11:27]} {[%emt 00:08:31]} Ng6
{[%clk 01:15:08]} {[%emt 00:05:23]} 15. Nxg6 {[%clk 01:10:05]} {[%emt
00:01:52]} Bxg6 {[%clk 01:14:24]} {[%emt 00:01:13]} 16. Qb3 {[%clk 01:09:16]}
{[%emt 00:01:19]} Qd7 {[%clk 01:13:00]} {[%emt 00:01:54]} 17. Rfe1 {[%clk
01:08:47]} {[%emt 00:00:59]} Rad8 {[%clk 01:03:03]} {[%emt 00:10:27]} 18. Be5
{[%clk 00:49:27]} {[%emt 00:19:50]} Qc8 {[%clk 00:55:02]} {[%emt 00:08:31]} 19.
Rc1 {[%clk 00:48:39]} {[%emt 00:01:17]} Ne4 {[%clk 00:50:03]} {[%emt 00:05:30]}
20. Bf4 {[%clk 00:35:55]} {[%emt 00:13:14]} Bg5 {[%clk 00:34:23]} {[%emt
00:16:10]} 21. Bxg5 {[%clk 00:34:13]} {[%emt 00:02:11]} Nxg5 {[%clk 00:34:26]}
{[%emt 00:00:27]} 22. Nc5 {[%clk 00:33:38]} {[%emt 00:01:05]} Re7 {[%clk
00:33:44]} {[%emt 00:01:12]} 23. Nd3 {[%clk 00:32:12]} {[%emt 00:01:55]} Be4
{[%clk 00:30:13]} {[%emt 00:04:01]} 24. Nf4 {[%clk 00:29:48]} {[%emt 00:02:55]}
Bxg2 {[%clk 00:29:54]} {[%emt 00:00:49]} 25. Kxg2 {[%clk 00:30:15]} {[%emt
00:00:02]} Qf5 {[%clk 00:28:13]} {[%emt 00:02:12]} 26. Qd3 {[%clk 00:28:13]}
{[%emt 00:02:32]} Ne4 {[%clk 00:25:18]} {[%emt 00:03:25]} 27. h4 {[%clk
00:24:48]} {[%emt 00:03:55]} h6 {[%clk 00:23:49]} {[%emt 00:01:59]} 28. h5
{[%clk 00:23:05]} {[%emt 00:02:13]} Qg5 {[%clk 00:22:46]} {[%emt 00:01:33]} 29.
Rc2 {[%clk 00:21:44]} {[%emt 00:01:51]} Nf6 {[%clk 00:19:14]} {[%emt 00:04:02]}
30. Qf3 {[%clk 00:21:07]} {[%emt 00:01:06]} Re4 {[%clk 00:19:05]} {[%emt
00:00:39]} 31. e3 {[%clk 00:19:51]} {[%emt 00:01:46]} Qf5 {[%clk 00:17:44]}
{[%emt 00:01:52]} 32. Rec1 {[%clk 00:17:44]} {[%emt 00:02:37]} Rde8 {[%clk
00:13:12]} {[%emt 00:05:01]} 33. b4 {[%clk 00:17:36]} {[%emt 00:00:39]} a6
{[%clk 00:13:15]} {[%emt 00:00:27]} 34. a4 {[%clk 00:18:00]} {[%emt 00:00:06]}
Ng4 {[%clk 00:11:22]} {[%emt 00:02:22]} 35. Rc3 {[%clk 00:16:32]} {[%emt
00:01:59]} g5 {[%clk 00:04:55]} {[%emt 00:06:57]} 36. Nd3 {[%clk 00:14:37]}
{[%emt 00:02:25]} Qc8 {[%clk 00:01:32]} {[%emt 00:03:52]} 37. Nc5 {[%clk
00:11:41]} {[%emt 00:03:26]} R4e7 {[%clk 00:01:47]} {[%emt 00:00:15]} 38. b5
{[%clk 00:11:17]} {[%emt 00:00:54]} axb5 {[%clk 00:02:07]} {[%emt 00:00:10]} 39.
axb5 {[%clk 00:11:45]} {[%emt 00:00:02]} f5 {[%clk 00:01:32]} {[%emt 00:01:05]}
40. bxc6 {[%clk 00:11:15]} {[%emt 00:01:00]} bxc6 {[%clk 00:01:46]} {[%emt
00:00:17]} 41. Nd3 {[%clk 00:05:23]} {[%emt 00:06:22]} f4 {[%clk 00:18:45]}
{[%emt 00:13:30]} 42. Rxc6 {[%clk 00:31:03]} {[%emt 00:04:50]} Qf5 {[%clk
00:19:11]} {[%emt 00:00:05]} 43. Nb4 {[%clk 00:27:24]} {[%emt 00:04:10]} Re4
{[%clk 00:14:51]} {[%emt 00:04:50]} 44. gxf4 {[%clk 00:21:44]} {[%emt
00:06:10]} Kh8 {[%clk 00:12:46]} {[%emt 00:02:35]} 45. Rg6 {[%clk 00:20:48]}
{[%emt 00:01:25]} Nxe3+ {[%clk 00:08:51]} {[%emt 00:04:25]} 46. fxe3 {[%clk
00:20:28]} {[%emt 00:00:51]} Rxe3 {[%clk 00:08:56]} {[%emt 00:00:24]} 47. Rxh6+
{[%clk 00:20:18]} {[%emt 00:00:40]} Kg7 {[%clk 00:08:25]} {[%emt 00:01:01]} 48.
Rg6+ {[%clk 00:20:34]} {[%emt 00:00:14]} Kh8 {[%clk 00:07:14]} {[%emt
00:01:40]} 49. Rxg5 {[%clk 00:18:50]} {[%emt 00:02:16]} Qf8 {[%clk 00:06:16]}
{[%emt 00:01:27]} 50. Nxd5 {[%clk 00:09:26]} {[%emt 00:09:54]} Rxf3 {[%clk
00:06:33]} {[%emt 00:00:13]} 51. Kxf3 {[%clk 00:09:54]} {[%emt 00:00:02]} Qa3+
{[%clk 00:05:57]} {[%emt 00:01:06]} 52. Rc3 {[%clk 00:10:22]} {[%emt 00:00:02]}
Qa1 {[%clk 00:05:19]} {[%emt 00:01:08]} 53. Re5 {[%clk 00:06:14]} {[%emt
00:04:38]} Qh1+ {[%clk 00:04:16]} {[%emt 00:01:34]} 54. Ke3 {[%clk 00:06:23]}
{[%emt 00:00:16]} Rxe5+ {[%clk 00:03:45]} {[%emt 00:01:06]} 55. dxe5 {[%clk
00:06:32]} {[%emt 00:00:21]} Qxd5 {[%clk 00:03:57]} {[%emt 00:00:17]} 56. Rd3
{[%clk 00:06:31]} {[%emt 00:00:31]} Qh1 {[%clk 00:03:28]} {[%emt 00:00:58]} 57.
Rd6 {[%clk 00:05:39]} {[%emt 00:01:23]} Qxh5 {[%clk 00:03:26]} {[%emt
00:00:32]} 58. Ke4 {[%clk 00:05:26]} {[%emt 00:00:43]} Qe2+ {[%clk 00:03:13]}
{[%emt 00:00:43]} 59. Kf5 {[%clk 00:05:28]} {[%emt 00:00:28]} Qh5+ {[%clk
00:03:20]} {[%emt 00:00:23]} 60. Ke6 {[%clk 00:05:21]} {[%emt 00:00:36]} Qh6+
{[%clk 00:02:06]} {[%emt 00:01:44]} 61. Kd7 {[%clk 00:05:19]} {[%emt 00:00:31]}
Qxf4 {[%clk 00:01:55]} {[%emt 00:00:41]} 62. e6 {[%clk 00:03:51]} {[%emt
00:01:58]} Kg7 {[%clk 00:01:22]} {[%emt 00:01:03]} 63. e7 {[%clk 00:03:48]}
{[%emt 00:00:34]} Qa4+ {[%clk 00:01:27]} {[%emt 00:00:25]} 64. Ke6 {[%clk
00:03:08]} {[%emt 00:01:09]} Qg4+ {[%clk 00:01:17]} {[%emt 00:00:40]} 65. Kd5
{[%clk 00:02:45]} {[%emt 00:00:54]} Kf7 {[%clk 00:01:38]} {[%emt 00:00:09]} 66.
e8=Q+ {[%clk 00:02:13]} {[%emt 00:01:02]} Kxe8 {[%clk 00:02:05]} {[%emt
00:00:02]} 67. Re6+ {[%clk 00:02:31]} {[%emt 00:00:13]} Kd7 {[%clk 00:01:38]}
{[%emt 00:00:57]} 68. Rd6+ {[%clk 00:02:51]} {[%emt 00:00:10]} Ke7 {[%clk
00:02:01]} {[%emt 00:00:07]} 69. Rc6 {[%clk 00:02:56]} {[%emt 00:00:25]} Qf4
{[%clk 00:01:32]} {[%emt 00:00:59]} 70. Rc4 {[%clk 00:03:03]} {[%emt 00:00:23]}
Qf5+ {[%clk 00:01:39]} {[%emt 00:00:23]} 71. Kc6 {[%clk 00:03:11]} {[%emt
00:00:20]} Qe6+ {[%clk 00:01:28]} {[%emt 00:00:44]} 72. Kc5 {[%clk 00:03:35]}
{[%emt 00:00:06]} Qd6+ {[%clk 00:01:50]} {[%emt 00:00:07]} 73. Kb5 {[%clk
00:03:59]} {[%emt 00:00:07]} Kd7 {[%clk 00:01:29]} {[%emt 00:00:50]} 74. Rc3
{[%clk 00:04:09]} {[%emt 00:00:19]} Qd5+ {[%clk 00:01:34]} {[%emt 00:00:26]} 75.
Kb4 {[%clk 00:04:29]} {[%emt 00:00:11]} Kd6 {[%clk 00:01:49]} {[%emt 00:00:15]}
76. Rc4 {[%clk 00:04:28]} {[%emt 00:00:31]} Qd2+ {[%clk 00:01:59]} {[%emt
00:00:21]} 77. Rc3 {[%clk 00:04:39]} {[%emt 00:00:18]} Kd5 {[%clk 00:01:10]}
{[%emt 00:01:19]} 78. Kb3 {[%clk 00:05:07]} {[%emt 00:00:02]} Qd1+ {[%clk
00:01:07]} {[%emt 00:00:33]} 79. Kb4 {[%clk 00:04:48]} {[%emt 00:00:47]} Qb1+
{[%clk 00:01:00]} {[%emt 00:00:39]} 80. Rb3 {[%clk 00:05:15]} {[%emt 00:00:03]}
Qe1+ {[%clk 00:00:51]} {[%emt 00:00:38]} 81. Rc3 {[%emt 00:00:05]} 0-1